书目信息 |
| 题名: |
连续媒质电动力学 下册
|
|
| 作者: | 栗弗席丝 著 | |
| 分册: | ||
| 出版信息: | 北京 人民教育出版社 1963.07 |
|
| 页数: | 570页 | |
| 开本: | 32开 | |
| 丛书名: | ||
| 单 册: | ||
| 中图分类: | O442 | |
| 科图分类: | ||
| 主题词: | 电磁学 , 电动力学 | |
| 电子资源: | ||
| ISBN: | ||
| 000 | 00540nam0 2200193 45 | |
| 001 | 0006211014 | |
| 005 | 20000621101930.0 | |
| 010 | @dCNY 0.72 | |
| 100 | @a20000621d1963 km y0chiy0120 ea | |
| 101 | 0 | @achi |
| 200 | 1 | @a连续媒质电动力学 下册@ALian Xu Mei Zhi Dian Dong Li Xue Xia Ce@f栗弗席丝著@FLi Fu Xi Si Zhu |
| 210 | @a北京@c人民教育出版社@d1963.07 | |
| 215 | @a570页@d32开 | |
| 606 | 0 | @a电磁学 |
| 606 | 0 | @a电动力学 |
| 690 | @aO442@v3 | |
| 701 | 0 | @a栗弗席丝@4著 |
| 801 | @aCN@bPftUser@c20000621 | |
| 905 | @b206572-573@dO442@eL.134@f2 | |
| 连续媒质电动力学 下册/栗弗席丝著.-北京:人民教育出版社,1963.07 |
| 570页;32开 |
| ISBN :CNY 0.72 |
| ● |
| 相关链接 |
|
|
|
正题名:连续媒质电动力学 下册
索取号:O442/L.134
 
预约/预借
| 序号 | 登录号 | 条形码 | 馆藏地/架位号 | 状态 | 备注 |
| 1 | 209573 | 202095730 | 自科库401/401自科库 58排7列4层/ [索取号:O442/L.134] | 在馆 |